[Event "Team men HL chess"]
[Site "?"]
[Date "2015.05.07"]
[Round "7.2"]
[White "Pasiev, Rakhim"]
[Black "Bocharov, Ivan"]
[Result "1-0"]
[WhiteElo "2400"]
[BlackElo "2489"]
[PlyCount "149"]
[EventDate "2015.05.01"]

1. Nf3 f5 2. d3 d6 3. e4 e5 4. Nc3 c5 5. g3 Nc6 6. Bh3 fxe4 7. Bxc8 Qxc8 8.
dxe4 Qh3 9. Nd5 O-O-O 10. Bg5 Re8 11. Qe2 h6 12. Be3 g5 13. O-O-O Rh7 14. Nd2
Qe6 15. h4 g4 16. h5 Nd4 17. Qd3 Nf6 18. c3 Nc6 19. Nc4 Rf7 20. Kb1 b5 21. Na3
a6 22. Ka1 Rb7 23. Rh4 Bg7 24. Nb1 c4 25. Qe2 Rg8 26. Na3 Ne7 27. Nxf6 Bxf6 28.
Rhh1 Bg7 29. Nc2 Rd7 30. Nb4 Kb7 31. Nd5 Nxd5 32. Rxd5 Rc7 33. a4 Kc6 34. Rhd1
Bf8 35. axb5+ axb5 36. b4 Be7 37. Qa2 Qc8 38. Kb2 Qa8 39. Ra1 Qxa2+ 40. Rxa2
Rb7 41. Ra6+ Kc7 42. Kc2 Rf8 43. Kd1 Rf7 44. Ke2 Bf8 45. Ra8 Kd7 46. Bc5 Rf6
47. Be3 Rf7 48. Kf1 Rf6 49. Ra5 Kc6 50. Ra6+ Kd7 51. Rxe5 Rxf2+ 52. Kxf2 dxe5
53. Bxh6 Bxh6 54. Rxh6 Rb8 55. Rg6 Rh8 56. h6 Kc7 57. Re6 Kd7 58. Rb6 Rf8+ 59.
Kg2 Rh8 60. h7 Kc7 61. Rxb5 Rxh7 62. Rxe5 Kd6 63. Rc5 Ra7 64. Kf2 Rf7+ 65. Ke3
Rf3+ 66. Kd4 Rxg3 67. Rg5 Rg1 68. Rg6+ Ke7 69. Kxc4 Kf7 70. Rg5 Kf6 71. Rf5+
Kg6 72. Rf8 g3 73. b5 g2 74. e5 Kg7 75. Rf2 1-0

[Event "Team men HL chess"]
[Site "?"]
[Date "2015.05.07"]
[Round "7.2"]
[White "Salinnikov, Denis Y"]
[Black "Vastrukhin, Oleg"]
[Result "1/2-1/2"]
[WhiteElo "2374"]
[BlackElo "2386"]
[PlyCount "91"]
[EventDate "2015.05.01"]

1. e4 g6 2. d4 c6 3. Nc3 d5 4. Nf3 Bg7 5. h3 dxe4 6. Nxe4 Nd7 7. Bc4 Ngf6 8.
Nxf6+ Nxf6 9. O-O O-O 10. Re1 Qc7 11. Qe2 e6 12. Ne5 Nd5 13. a4 b6 14. c3 Bb7
15. Bxd5 cxd5 16. Ng4 Rae8 17. Bh6 f6 18. Bxg7 Kxg7 19. Qd2 a5 20. Qh6+ Kg8 21.
Re3 Qg7 22. Qf4 h5 23. Nh2 e5 24. Qg3 e4 25. f4 Ba6 26. h4 f5 27. Qe1 Qc7 28.
g3 Kf7 29. Nf1 Bxf1 30. Qxf1 Re6 31. Kf2 Rb8 32. Rc1 b5 33. axb5 Qb6 34. Ra1
Qxb5 35. Qxb5 Rxb5 36. Re2 Reb6 37. Ra2 Ke6 38. Ke1 a4 39. Kd1 Rb3 40. Kc2 Kd7
41. Re1 Kc6 42. Rb1 Ra6 43. Ra3 Rxa3 44. bxa3 Rb6 45. Rb4 Rxb4 46. cxb4 1/2-1/2

[Event "Team men HL chess"]
[Site "?"]
[Date "2015.05.07"]
[Round "7.3"]
[White "Chigaev, Maksim"]
[Black "Panarin, Mikhail"]
[Result "1-0"]
[WhiteElo "2497"]
[BlackElo "2560"]
[PlyCount "89"]
[EventDate "2015.05.01"]

1. f4 d5 2. Nf3 Bg4 3. e3 Nd7 4. d4 e6 5. Bd3 f5 6. O-O Bd6 7. c4 c6 8. b4 Ne7
9. Qb3 Bxf3 10. Rxf3 O-O 11. Nd2 Nf6 12. Rf1 h6 13. Nf3 Ne4 14. b5 g5 15. a4
gxf4 16. exf4 Ng6 17. g3 Rf7 18. Ra2 Rg7 19. Rg2 Kh7 20. Be3 Rc8 21. Kh1 Qa5
22. c5 Be7 23. g4 Rcg8 24. Rfg1 Qc7 25. b6 Qb8 26. Ne5 Nh4 27. Rg3 Bf6 28. Bxe4
Bxe5 29. bxa7 Qxa7 30. Bd3 Bc7 31. Qd1 Kh8 32. g5 hxg5 33. Qh5+ Rh7 34. Rxg5
Rg6 35. Rxg6 Rxh5 36. Rg8+ Kh7 37. Be2 Qxa4 38. R1g7+ Kh6 39. Rxc7 Qa1+ 40. Bg1
Ng6 41. Bxh5 Nxf4 42. Rh8+ Kg5 43. h4+ Kxh4 44. Rg7 Nxh5 45. Kg2 1-0

[Event "Team men HL chess"]
[Site "?"]
[Date "2015.05.07"]
[Round "7.3"]
[White "Bryzgalin, Kirill"]
[Black "Levin, Evgeny A"]
[Result "1/2-1/2"]
[WhiteElo "2450"]
[BlackElo "2529"]
[PlyCount "81"]
[EventDate "2015.05.01"]

1. d4 Nf6 2. Nf3 e6 3. Bg5 h6 4. Bh4 c5 5. e3 b6 6. Nbd2 Bb7 7. c3 Be7 8. Bd3
Nc6 9. O-O O-O 10. Re1 d6 11. a3 Rc8 12. h3 Nh5 13. Bxe7 Nxe7 14. e4 Nf6 15.
Qe2 Ng6 16. g3 Nh5 17. Nh2 Nf6 18. Rad1 cxd4 19. cxd4 Qe7 20. f4 Rfd8 21. Nhf3
Rc7 22. f5 exf5 23. exf5 Qxe2 24. Rxe2 Ne7 25. Rde1 Ned5 26. Kf2 Kf8 27. Nh4
Rdc8 28. Ng2 h5 29. Nf3 Rc6 30. Ng5 R6c7 31. Nf3 Rc6 32. Ne3 R6c7 33. Nh2 Rc1
34. g4 hxg4 35. hxg4 Nh7 36. Kg3 Rxe1 37. Rxe1 Ng5 38. Kh4 f6 39. Kg3 Kf7 40.
Ng2 Re8 41. Rxe8 1/2-1/2

[Event "Team men HL chess"]
[Site "?"]
[Date "2015.05.07"]
[Round "7.3"]
[White "Usmanov, Vasily"]
[Black "Lugovskoy, Maxim"]
[Result "1/2-1/2"]
[WhiteElo "2460"]
[BlackElo "2435"]
[PlyCount "105"]
[EventDate "2015.05.01"]

1. b3 e5 2. Bb2 Nc6 3. e3 d5 4. Bb5 Bd6 5. f4 Qe7 6. Nf3 Bg4 7. fxe5 Bxe5 8.
Bxe5 Bxf3 9. Qxf3 Qxe5 10. O-O Nf6 11. Nc3 O-O 12. Qh3 Ne7 13. Rf4 Ng6 14. Rf5
Qe6 15. Raf1 Ne7 16. R5f3 Qxh3 17. Rxh3 Rad8 18. d4 c6 19. Bd3 Rfe8 20. g4 h6
21. Rg3 Ng6 22. a4 Re7 23. Kf2 Rde8 24. Ke2 a5 25. Kd2 Re6 26. Bf5 R6e7 27. Bd3
Re6 28. h3 b6 29. Bf5 R6e7 30. Bd3 Re6 31. Rf2 R6e7 32. Bxg6 fxg6 33. Kd3 g5
34. Rf5 Kh7 35. Rf1 Kg6 36. Kd2 b5 37. axb5 cxb5 38. Rgf3 b4 39. Rxf6+ gxf6 40.
Nxd5 Rf7 41. Rf5 h5 42. Kd3 hxg4 43. hxg4 Rh8 44. Rf3 Rh1 45. e4 Rg1 46. Ne3
Rc7 47. Nd5 Rf7 48. Ne3 Rc7 49. d5 Rh1 50. d6 Rc6 51. Nc4 Rd1+ 52. Ke3 Rdxd6
53. Nxd6 1/2-1/2

[Event "Team men HL chess"]
[Site "?"]
[Date "2015.05.07"]
[Round "7.3"]
[White "Oganian, Miran"]
[Black "Palchun, Grigory"]
[Result "0-1"]
[WhiteElo "2375"]
[BlackElo "2299"]
[PlyCount "88"]
[EventDate "2015.05.01"]

1. d4 Nf6 2. c4 e6 3. g3 Bb4+ 4. Bd2 Qe7 5. Nf3 Bxd2+ 6. Nbxd2 d6 7. Bg2 O-O 8.
Nf1 Nbd7 9. Ne3 Rb8 10. O-O b6 11. d5 e5 12. Qc2 g6 13. Nd1 Nh5 14. e4 f5 15.
exf5 gxf5 16. Qe2 Ndf6 17. Nd4 Qg7 18. Nc6 Ra8 19. f3 f4 20. g4 Nxg4 21. fxg4
Bxg4 22. Rf3 Rae8 23. Nf2 Bxf3 24. Qxf3 Nf6 25. Re1 Kh8 26. Ne4 Ng4 27. Kh1 Rg8
28. Bh3 h5 29. Nb4 Qg6 30. Bg2 Re7 31. h4 Ne3 32. Rxe3 fxe3 33. Ng5 Reg7 34.
Bf1 e4 35. Qxe3 Qf6 36. Qe2 Rxg5 37. hxg5 Qxg5 38. Bg2 h4 39. Qxe4 h3 40. Qd4+
Rg7 41. Bxh3 Qg3 42. Bf1 Qf3+ 43. Kh2 Qxf1 44. Qh4+ Rh7 0-1

[Event "Team men HL chess"]
[Site "?"]
[Date "2015.05.07"]
[Round "7.4"]
[White "Ponomarenko, Alexandr"]
[Black "Smirnov, Timofey"]
[Result "1/2-1/2"]
[WhiteElo "2234"]
[BlackElo "2338"]
[PlyCount "83"]
[EventDate "2015.05.01"]

1. e4 e5 2. Nf3 Nc6 3. Nc3 Nf6 4. Bb5 Bb4 5. O-O O-O 6. d3 d6 7. Bg5 Bxc3 8.
bxc3 Qe7 9. h3 Nd8 10. Bc4 Be6 11. Bb3 Bxb3 12. cxb3 Ne6 13. Bxf6 Qxf6 14. g3
Qh6 15. Nh4 g6 16. d4 Qg7 17. dxe5 Qxe5 18. Qd5 Nc5 19. Qxe5 dxe5 20. f3 Rfd8
21. Rfd1 f6 22. Ng2 Kf7 23. Ne3 c6 24. Kf1 Ke7 25. Rxd8 Rxd8 26. Ke2 Ke6 27.
Rd1 Rxd1 28. Nxd1 f5 29. Nf2 Kf6 30. Nd3 Ne6 31. h4 fxe4 32. fxe4 g5 33. hxg5+
Nxg5 34. Ke3 Nf7 35. Kf3 Ng5+ 36. Ke3 Nf7 37. Nc5 b6 38. Nd3 Ke6 39. Kf3 Ng5+
40. Ke3 Nf7 41. Kf3 Ng5+ 42. Ke3 1/2-1/2

[Event "Team men HL chess"]
[Site "?"]
[Date "2015.05.07"]
[Round "7.4"]
[White "Zherebtsova, Alexandra"]
[Black "Payanidi, Janis"]
[Result "1/2-1/2"]
[WhiteElo "2184"]
[BlackElo "2264"]
[PlyCount "186"]
[EventDate "2015.05.01"]

1. d4 g6 2. Nf3 Bg7 3. e3 d6 4. b3 Nf6 5. Bb2 O-O 6. Bd3 b6 7. O-O Bb7 8. Nbd2
c5 9. c4 Nc6 10. d5 Nb4 11. Be2 Ne8 12. Bxg7 Nxg7 13. e4 e5 14. Ne1 f5 15. a3
Na6 16. f4 Qe7 17. fxe5 Qxe5 18. Bf3 Qd4+ 19. Rf2 Rae8 20. Nc2 Qc3 21. Rb1 Bc8
22. b4 cxb4 23. axb4 Bd7 24. Ra1 Nxb4 25. Nxb4 Qxb4 26. Rxa7 fxe4 27. Nxe4 Bf5
28. Ra4 Qxa4 29. Qxa4 Bxe4 30. Bxe4 Rxf2 31. Kxf2 Rxe4 32. Qa8+ Kf7 33. Qb7+
Kg8 34. Qxb6 Nf5 35. c5 dxc5 36. d6 Rd4 37. Qb8+ Kf7 38. Qc7+ Ke6 39. Qxh7 Nxd6
40. Qxg6+ Kd5 41. h4 c4 42. Qg5+ Kc6 43. Qf6 Rd5 44. Qf3 Nb5 45. h5 c3 46. h6
c2 47. Qe3 Rc5 48. h7 c1=Q 49. Qxc1 Rxc1 50. h8=Q Nd6 51. g4 Rc5 52. Kf3 Kd7
53. Qg7+ Ke6 54. g5 Nf5 55. Qf6+ Kd7 56. g6 Ne7 57. g7 Rc8 58. Qf8 Re8 59. Kg4
Rc8 60. Kg5 Rc5+ 61. Kh6 Rc6+ 62. Kh7 Rc8 63. Qf4 Rd8 64. Qg5 Ke6 65. Qa5 Re8
66. Qb5 Rd8 67. Qb6+ Kd7 68. Qb5+ Kd6 69. Kh6 Rg8 70. Qf1 Rc8 71. Qf4+ Ke6 72.
Qg4+ Kf7 73. Kh7 Rd8 74. Qc4+ Kf6 75. Qc7 Re8 76. Qd7 Kf7 77. Qg4 Rd8 78. Qf4+
Ke6 79. Kh6 Rc8 80. Qf8 Kd7 81. Kg5 Rc5+ 82. Kg4 Rc4+ 83. Kf3 Rc3+ 84. Ke4 Rc4+
85. Kd3 Rc8 86. Kd4 Nc6+ 87. Ke4 Ne7 88. Qf7 Kd6 89. Qf6+ Kd7 90. Qd4+ Ke6 91.
Kf4 Rg8 92. Qc4+ Kf6 93. Qd4+ Kf7 1/2-1/2

[Event "Team men HL chess"]
[Site "?"]
[Date "2015.05.07"]
[Round "7.4"]
[White "Kovalev, Egor"]
[Black "Kayukov, Kirill"]
[Result "1-0"]
[WhiteElo "2127"]
[BlackElo "2071"]
[PlyCount "139"]
[EventDate "2015.05.01"]

1. Nf3 d5 2. g3 e6 3. Bg2 f5 4. O-O Nf6 5. c4 c6 6. d3 Be7 7. b3 O-O 8. Bb2 Bd7
9. Nbd2 Be8 10. e4 fxe4 11. dxe4 Bh5 12. e5 Ne8 13. h3 c5 14. b4 cxb4 15. g4
Bg6 16. Nd4 Nc7 17. cxd5 exd5 18. f4 Nc6 19. f5 Be8 20. N2f3 Na5 21. Qe2 Nc4
22. Bc1 Bd7 23. Kh1 Bc5 24. Bg5 Qe8 25. Bf4 Nb5 26. Rae1 Rc8 27. e6 Bc6 28.
Nxc6 bxc6 29. Ne5 Nxe5 30. Bxe5 Be7 31. Qd2 Qd8 32. Qb2 Nc3 33. Bxc3 bxc3 34.
Qxc3 Qd6 35. Qa5 Rc7 36. Rb1 Rfc8 37. Qd2 h6 38. Qf4 Qxf4 39. Rxf4 Bf6 40. Ra4
Rd8 41. Rab4 Kf8 42. Rb7 Rdc8 43. a4 Ke7 44. Kg1 Kd6 45. Kf2 c5 46. Ke2 c4 47.
R1b5 Rxb7 48. Rxb7 d4 49. Be4 d3+ 50. Ke3 Bg5+ 51. Kd4 Bf6+ 52. Ke3 a6 53. Rb6+
Ke5 54. Rxa6 Bg5+ 55. Kf3 d2 56. Ra5+ Kd4 57. Rd5+ Kc3 58. a5 Rc7 59. Ke2 Kb2
60. a6 Kc1 61. Rxd2 Bxd2 62. Bb7 Rc5 63. a7 Re5+ 64. Kf3 Re3+ 65. Kg2 Re2+ 66.
Kf1 Re1+ 67. Kf2 Re5 68. a8=Q c3 69. Be4 Bg5 70. Qa1+ 1-0

[Event "Team men HL chess"]
[Site "?"]
[Date "2015.05.07"]
[Round "7.5"]
[White "Akhmetov, Artiom"]
[Black "Sychev, Klementy"]
[Result "1/2-1/2"]
[WhiteElo "2481"]
[BlackElo "2425"]
[PlyCount "65"]
[EventDate "2015.05.01"]

1. d4 d5 2. c4 c6 3. Nf3 Nf6 4. Nc3 a6 5. e3 b5 6. b3 Bg4 7. Be2 Nbd7 8. O-O e6
9. h3 Bh5 10. Bb2 Bd6 11. Ne5 Bxe2 12. Nxe2 Qc7 13. cxd5 cxd5 14. Rc1 Qb8 15.
f4 O-O 16. Rc6 Rc8 17. Qc2 Qb7 18. Rc1 Nb6 19. f5 exf5 20. Qxf5 Rxc6 21. Nxc6
Rc8 22. Ne5 Rxc1+ 23. Bxc1 Nc8 24. Bd2 Ne7 25. Qc2 Ne4 26. Nd3 Nf5 27. Nf2 Nfg3
28. Nxg3 Nxg3 29. Be1 g6 30. Nd1 Ne4 31. Nf2 Ng3 32. Nd1 Ne4 33. Nf2 1/2-1/2

[Event "Team men HL chess"]
[Site "?"]
[Date "2015.05.07"]
[Round "7.5"]
[White "Alikulov, Elbek"]
[Black "Vavulin, Maksim"]
[Result "0-1"]
[WhiteElo "2407"]
[BlackElo "2442"]
[PlyCount "120"]
[EventDate "2015.05.01"]

1. e4 e5 2. Nf3 Nc6 3. Bb5 a6 4. Ba4 Nge7 5. c3 g6 6. d4 exd4 7. cxd4 b5 8. Bb3
Bg7 9. d5 Na5 10. Bd2 c5 11. Bc3 f6 12. d6 Nec6 13. Bd5 Bb7 14. Qc1 Qb6 15. O-O
b4 16. Bd2 Nd8 17. Re1 Qxd6 18. Bf4 Qb6 19. a3 Rc8 20. Be3 Bxd5 21. exd5 O-O
22. axb4 Nb3 23. Bxc5 Qb7 24. Qd1 Nxc5 25. bxc5 Qxb2 26. Rxa6 Rxc5 27. Ra7 Nb7
28. Qd3 f5 29. Nbd2 Rc3 30. Qb1 Qxb1 31. Nxb1 Rb3 32. Nbd2 Rb5 33. g3 Rc8 34.
Re7 Nc5 35. Nc4 Bf8 36. Re2 Ne4 37. Nce5 d6 38. Nd7 Bg7 39. Kg2 Rd8 40. h4 h6
41. h5 g5 42. g4 Nc3 43. Re6 Nxd5 44. Rxd6 fxg4 45. Nd2 Re8 46. Nc4 Re4 47. Rc6
Nf4+ 48. Kh2 g3+ 49. Kxg3 Nxh5+ 50. Kf3 Rf4+ 51. Ke2 Rbf5 52. Nd6 Rxf2+ 53. Kd3
R5f3+ 54. Ke4 Ng3+ 55. Kd5 Rd2+ 56. Kc5 Bd4+ 57. Kb5 Bxa7 58. Ka6 Bf2 59. Ne5
Rf8 60. Ndc4 Ra2+ 0-1

[Event "Team men HL chess"]
[Site "?"]
[Date "2015.05.07"]
[Round "7.5"]
[White "Savenkov, Konstantin"]
[Black "Vdovin, Vadim"]
[Result "1/2-1/2"]
[WhiteElo "2332"]
[BlackElo "2375"]
[PlyCount "67"]
[EventDate "2015.05.01"]

1. e4 e5 2. Nf3 Nc6 3. Bc4 Nf6 4. Ng5 d5 5. exd5 Na5 6. Bb5+ c6 7. dxc6 bxc6 8.
Bd3 Nd5 9. Nf3 Bd6 10. O-O O-O 11. Re1 f5 12. Nxe5 Qc7 13. Nf3 g5 14. Nxg5 Qg7
15. Nh3 f4 16. Qh5 f3 17. Qg5 Bxh3 18. Qxg7+ Kxg7 19. gxh3 Kf7 20. Be4 Rg8+ 21.
Kh1 Rg2 22. Bxf3 Rxh2+ 23. Kg1 Rg8+ 24. Kf1 Bc5 25. d4 Bxd4 26. Re2 Rxh3 27.
Bg2 Rh2 28. Bf3 Nc4 29. Nc3 Rh3 30. Bg2 Rh2 31. Bf3 Rh3 32. Bg2 Rh2 33. Bf3 Rh3
34. Bg2 1/2-1/2

[Event "Team men HL chess"]
[Site "?"]
[Date "2015.05.07"]
[Round "7.5"]
[White "Alagulian, Kamo"]
[Black "Shuvalova, Polina"]
[Result "1-0"]
[WhiteElo "2294"]
[BlackElo "2212"]
[PlyCount "67"]
[EventDate "2015.05.01"]

1. Nf3 Nf6 2. c4 g6 3. g3 Bg7 4. Bg2 O-O 5. O-O d6 6. Nc3 c6 7. d4 Qa5 8. h3
Qa6 9. b3 b5 10. cxb5 cxb5 11. Bg5 Bb7 12. a3 h6 13. Bxf6 Bxf6 14. Qd3 Bc6 15.
Rac1 Qb7 16. d5 Bd7 17. Nd4 b4 18. axb4 Qxb4 19. Nc6 Qxb3 20. Qd2 Re8 21. Qxh6
Nxc6 22. dxc6 Be6 23. Ne4 Bg7 24. Qh4 a5 25. c7 Qb4 26. Rb1 Qa3 27. Ng5 d5 28.
Qh7+ Kf8 29. Nxe6+ fxe6 30. Qxg6 Qd6 31. Rb3 Kg8 32. h4 Qe5 33. Bh3 Qf6 34.
Bxe6+ 1-0

[Event "Team men HL chess"]
[Site "?"]
[Date "2015.05.07"]
[Round "7.6"]
[White "Alexeev, Alexey"]
[Black "Airapetian, Gor"]
[Result "1/2-1/2"]
[WhiteElo "2320"]
[BlackElo "2439"]
[PlyCount "200"]
[EventDate "2015.05.01"]

1. c4 c6 2. d4 d5 3. Nf3 Nf6 4. e3 a6 5. Bd3 Bg4 6. Nbd2 e6 7. Qc2 Nbd7 8. O-O
Bd6 9. b3 O-O 10. Bb2 Qb8 11. h3 Bh5 12. Ng5 h6 13. Ngf3 Bxf3 14. Nxf3 Re8 15.
Rad1 e5 16. dxe5 Nxe5 17. Nxe5 Bxe5 18. cxd5 Nxd5 19. Bc4 Bxb2 20. Qxb2 Nf6 21.
Rd4 Qe5 22. Qc2 Rad8 23. Rfd1 Rxd4 24. Rxd4 b5 25. Bf1 c5 26. Rd1 Ne4 27. a4
Nd6 28. Qd3 Ne4 29. axb5 axb5 30. Qc2 Nd6 31. Be2 Rc8 32. Qd3 Ne4 33. Qxb5 Nc3
34. Qa6 Rb8 35. Rd7 Qe6 36. Qxe6 Nxe2+ 37. Kf1 Ng3+ 38. fxg3 fxe6 39. Rd3 Kf7
40. Ke2 Rb4 41. Rc3 Ke7 42. Kf3 Kd6 43. e4 e5 44. h4 g6 45. Re3 Ke6 46. Kg4 Kf6
47. h5 g5 48. Kf3 Ke6 49. Rc3 Rb5 50. Kg4 Rb4 51. Rxc5 Rxe4+ 52. Kf3 Rb4 53.
Rc6+ Kd5 54. Rxh6 g4+ 55. Kf2 Rxb3 56. Rg6 Rb2+ 57. Kg1 Rb1+ 58. Kh2 e4 59. h6
Rb7 60. Rg7 Rb6 61. h7 Rh6+ 62. Kg1 Kd4 63. Kf2 Rh1 64. Ra7 Ke5 65. Ke2 Kd4 66.
Kd2 Ke5 67. Rg7 Kd4 68. Ra7 Ke5 69. Ke3 Re1+ 70. Kf2 Rh1 71. Rd7 Ke6 72. Rg7
Kf6 73. Rxg4 Rxh7 74. Rxe4 Ra7 75. Kf3 Ra3+ 76. Re3 Ra4 77. g4 Ra1 78. Rb3 Kg6
79. Rb6+ Kg5 80. Rb5+ Kg6 81. Kf4 Ra4+ 82. Kg3 Ra1 83. Re5 Rb1 84. Re8 Kg5 85.
Rg8+ Kf6 86. g5+ Kf5 87. g6 Kg5 88. Kf3 Rb3+ 89. Ke4 Rb5 90. g3 Rb4+ 91. Ke5
Rb5+ 92. Ke4 Rb4+ 93. Kf3 Rb6 94. g7 Kg6 95. Kg4 Rb4+ 96. Kh3 Kh7 97. Rd8 Kxg7
98. Rd6 Ra4 99. g4 Ra3+ 100. Kh4 Ra5 1/2-1/2

[Event "Team men HL chess"]
[Site "?"]
[Date "2015.05.07"]
[Round "7.6"]
[White "Domogaev, Sergey"]
[Black "Triapishko, Olexandr"]
[Result "0-1"]
[WhiteElo "2489"]
[BlackElo "2393"]
[PlyCount "118"]
[EventDate "2015.05.01"]

1. d4 Nf6 2. c4 g6 3. Nc3 d5 4. cxd5 Nxd5 5. e4 Nxc3 6. bxc3 Bg7 7. Qa4+ Nd7 8.
Nf3 O-O 9. Be2 c5 10. O-O Nb6 11. Qa3 cxd4 12. cxd4 Bg4 13. Bg5 Bxf3 14. Bxf3
Qxd4 15. Rad1 Qa4 16. Qxa4 Nxa4 17. Bxe7 Rfe8 18. Rd7 Rab8 19. Rfd1 Bf8 20.
Bxf8 Kxf8 21. h4 Nc5 22. R7d4 Re7 23. Rd8+ Rxd8 24. Rxd8+ Re8 25. Rd4 Ke7 26.
Kf1 Rc8 27. Ke1 Rc6 28. Be2 Rb6 29. f3 Ne6 30. Rd2 Rb1+ 31. Kf2 b5 32. g3 a6
33. f4 h5 34. Ke3 Rg1 35. f5 Nc5 36. Kf4 Rg2 37. Kf3 Rxg3+ 38. Kxg3 Nxe4+ 39.
Kf4 Nxd2 40. fxg6 fxg6 41. Kg5 Kf7 42. Kf4 Nb1 43. Bd3 Nc3 44. a3 Kf6 45. Ke3
a5 46. Kd4 b4 47. axb4 axb4 48. Kc4 Nd1 49. Kxb4 Ne3 50. Kc3 Ng2 51. Kd4 Nxh4
52. Ke3 Kg5 53. Be4 Kg4 54. Kf2 g5 55. Bc6 Nf5 56. Kg2 Kf4 57. Ba8 g4 58. Kf2
h4 59. Kg2 h3+ 0-1

[Event "Team men HL chess"]
[Site "?"]
[Date "2015.05.07"]
[Round "7.6"]
[White "Gritsayeva, Oksana"]
[Black "Sadovsky, Artem"]
[Result "0-1"]
[WhiteElo "2328"]
[BlackElo "2381"]
[PlyCount "130"]
[EventDate "2015.05.01"]

1. e4 g6 2. d4 Bg7 3. c4 d6 4. Nc3 e5 5. Be3 Nc6 6. d5 Nd4 7. Nge2 Nxe2 8. Bxe2
Bh6 9. Bxh6 Nxh6 10. Qd2 Ng4 11. h3 Nf6 12. O-O O-O 13. b4 b6 14. Rac1 a5 15.
a3 Qe7 16. Qe3 Bb7 17. Nb5 axb4 18. axb4 Ra4 19. Ra1 Rfa8 20. Rxa4 Rxa4 21. Qb3
Ra8 22. Bf3 h5 23. Qb2 Ba6 24. Ra1 Qd8 25. Qa3 Bb7 26. Qc3 Ba6 27. Na3 Nd7 28.
Be2 Bb7 29. Nb5 Ba6 30. Qa3 Bb7 31. Qb2 Ba6 32. Nc3 Bb7 33. Rxa8 Qxa8 34. Nb5
Qb8 35. Qa3 Kf8 36. h4 Ke7 37. Qe3 Ba6 38. Qg5+ Ke8 39. g4 hxg4 40. h5 gxh5 41.
Qxh5 Bxb5 42. cxb5 Ke7 43. Bxg4 Nf6 44. Qf5 Qa8 45. Bh3 Qa1+ 46. Kg2 Qe1 47. f3
Qxb4 48. Qc8 Qd2+ 49. Kf1 Qc1+ 50. Kf2 Nh5 51. Be6 Qd2+ 52. Kf1 Qc1+ 53. Kf2
Qc5+ 54. Ke1 Qe3+ 55. Kd1 Qxf3+ 56. Kd2 Qf2+ 57. Kc1 Qe1+ 58. Kb2 Qd2+ 59. Kb3
Qd3+ 60. Ka2 Qc2+ 61. Ka3 Qc3+ 62. Ka2 Qa5+ 63. Kb3 Qxb5+ 64. Ka3 fxe6 65.
Qxe6+ Kd8 0-1

[Event "Team men HL chess"]
[Site "?"]
[Date "2015.05.07"]
[Round "7.6"]
[White "Pogosian, Manvel"]
[Black "Shemeakin, Alexander"]
[Result "1/2-1/2"]
[WhiteElo "2378"]
[BlackElo "2247"]
[PlyCount "101"]
[EventDate "2015.05.01"]

1. d4 d5 2. c4 c6 3. Nc3 Nf6 4. Nf3 a6 5. Bg5 Ne4 6. Bf4 Nxc3 7. bxc3 dxc4 8.
e4 b5 9. Ne5 Be6 10. Qh5 Qc8 11. Be2 Nd7 12. O-O g6 13. Qh4 Bg7 14. Nxc6 Qxc6
15. d5 Bxd5 16. exd5 Qf6 17. Bg5 Qxc3 18. d6 Qd4 19. Qxd4 Bxd4 20. Rad1 Bf6 21.
Bf3 O-O-O 22. dxe7 Bxg5 23. exd8=Q+ Rxd8 24. Rd6 Nb8 25. Rxd8+ Kxd8 26. Rb1 c3
27. Be4 f5 28. Bd3 Nd7 29. Kf1 Nc5 30. Bc2 Kc7 31. Ke2 Kc6 32. g3 Bd2 33. h4
Ne6 34. Kd3 a5 35. Rh1 h5 36. Bb3 Nc5+ 37. Kc2 Na6 38. a3 a4 39. Bf7 Kc5 40.
Kd3 Kb6 41. Rb1 Ka5 42. Ra1 b4 43. axb4+ Nxb4+ 44. Ke2 Nc2 45. Ra2 Nb4 46. Rxd2
cxd2 47. Kxd2 a3 48. Kc3 a2 49. Kb2 Nd3+ 50. Kxa2 Nxf2 51. Bxg6 1/2-1/2

[Event "Team men HL chess"]
[Site "?"]
[Date "2015.05.07"]
[Round "7.7"]
[White "Iljin, Artem"]
[Black "Gabrielian, Artur"]
[Result "1/2-1/2"]
[WhiteElo "2537"]
[BlackElo "2562"]
[PlyCount "72"]
[EventDate "2015.05.01"]

1. Nf3 g6 2. d4 Bg7 3. c3 Nf6 4. Bg5 O-O 5. Nbd2 d6 6. e4 c5 7. dxc5 dxc5 8.
Bc4 Nc6 9. Qe2 Qc7 10. O-O h6 11. Bh4 Nh5 12. Qe3 b6 13. Rfe1 e5 14. Bd5 Ba6
15. Nc4 Rae8 16. Rad1 Kh7 17. Qc1 Ne7 18. Ne3 Nf4 19. Bc4 Bb7 20. Qc2 f5 21.
Bxe7 Qxe7 22. Nd5 Nxd5 23. Bxd5 Bc8 24. exf5 gxf5 25. Nxe5 Bxe5 26. f4 Qg7 27.
fxe5 Rxe5 28. Rxe5 Qxe5 29. Bf3 Rd8 30. h3 Rxd1+ 31. Qxd1 Be6 32. a3 Qe3+ 33.
Kh2 Qe5+ 34. Kg1 Qe3+ 35. Kh2 Qe5+ 36. Kg1 Qe3+ 1/2-1/2

[Event "Team men HL chess"]
[Site "?"]
[Date "2015.05.07"]
[Round "7.7"]
[White "Rozhko, Dmitry"]
[Black "Rodchenkov, Sergey D"]
[Result "1/2-1/2"]
[WhiteElo "2334"]
[BlackElo "2355"]
[PlyCount "73"]
[EventDate "2015.05.01"]

1. d4 d5 2. Nf3 Nf6 3. Bf4 e6 4. e3 Bd6 5. Bg3 b6 6. Nbd2 O-O 7. Ne5 c5 8. c3
Qc7 9. Bd3 Ba6 10. O-O Bxd3 11. Nxd3 Bxg3 12. hxg3 Nbd7 13. g4 e5 14. dxc5 Nxc5
15. Nxc5 bxc5 16. g5 Ne8 17. e4 d4 18. Nc4 Qe7 19. Qg4 Nd6 20. Nxd6 Qxd6 21.
cxd4 cxd4 22. Rac1 Qa6 23. Qf5 Rae8 24. a3 Re6 25. Rc7 g6 26. Qf3 Qb6 27. Rd7
Rd6 28. Re7 Re6 29. Rd7 a5 30. b3 Rd6 31. Re7 Rc6 32. Rd7 Rd6 33. Re7 Re6 34.
Rd7 Rd6 35. Re7 Re6 36. Rd7 Rd6 37. Re7 1/2-1/2

[Event "Team men HL chess"]
[Site "?"]
[Date "2015.05.07"]
[Round "7.7"]
[White "Gerasimov, Ivan"]
[Black "Bykov, Egor"]
[Result "1-0"]
[WhiteElo "2329"]
[BlackElo "2245"]
[PlyCount "49"]
[EventDate "2015.05.01"]

1. e4 e6 2. d4 d5 3. e5 c5 4. c3 Nc6 5. Nf3 Qb6 6. a3 a5 7. Bd3 Bd7 8. Bc2 Qa6
9. Bd3 Qb6 10. Bc2 Qa6 11. Be3 a4 12. dxc5 Qb5 13. Nbd2 Qxb2 14. Bd4 Qb5 15.
Rb1 Qa5 16. Rxb7 Bxc5 17. Bxc5 Qxc5 18. Ne4 Qxa3 19. Nd6+ Ke7 20. O-O Rb8 21.
Rc7 Nh6 22. Bxa4 Rb6 23. Qd2 Qxa4 24. Qg5+ Kf8 25. Rxd7 1-0

[Event "Team men HL chess"]
[Site "?"]
[Date "2015.05.07"]
[Round "7.7"]
[White "Nechaev, Oleg"]
[Black "Torbin, Kirill"]
[Result "0-1"]
[WhiteElo "2339"]
[BlackElo "2372"]
[PlyCount "26"]
[EventDate "2015.05.01"]

1. d4 d5 2. c4 dxc4 3. e3 Nf6 4. Bxc4 e6 5. Nf3 a6 6. a4 c5 7. O-O Qc7 8. Qe2
Nc6 9. Nc3 Be7 10. dxc5 Bxc5 11. e4 Ng4 12. g3 O-O 13. h3 Qxg3+ 0-1

[Event "Team men HL chess"]
[Site "?"]
[Date "2015.05.07"]
[Round "7.8"]
[White "Golubov, Saveliy"]
[Black "Belov, Igor"]
[Result "1-0"]
[WhiteElo "2370"]
[BlackElo "2407"]
[PlyCount "85"]
[EventDate "2015.05.01"]

1. e4 d6 2. d4 Nf6 3. Nc3 e5 4. Nf3 Nbd7 5. g3 g6 6. Bg2 Bg7 7. O-O O-O 8. b3
Re8 9. Bb2 c6 10. a4 exd4 11. Nxd4 Nc5 12. Re1 a5 13. Qd2 Qb6 14. Rad1 Bd7 15.
h3 Rad8 16. Kh1 Bc8 17. f3 h6 18. Qf2 Na6 19. Bc1 Nb4 20. Be3 Qc7 21. Qd2 Kh7
22. f4 d5 23. e5 Ng8 24. Qf2 f6 25. Nf3 fxe5 26. fxe5 Bf5 27. Bb6 Qc8 28. Rd2
Bxh3 29. Bxa5 c5 30. Bxb4 cxb4 31. Nxd5 Rf8 32. Qe3 Bxg2+ 33. Kxg2 Qc6 34. Qe4
Qc5 35. Red1 Rde8 36. Qxb4 Qc6 37. Qe4 Rf5 38. Nd4 Qc8 39. Nxf5 gxf5 40. Qf3
Rxe5 41. Re2 Qe6 42. Rxe5 Qxe5 43. Rf1 1-0

[Event "Team men HL chess"]
[Site "?"]
[Date "2015.05.07"]
[Round "7.8"]
[White "Skomorokhin, Roman"]
[Black "Ivanov, Alexander Al"]
[Result "1/2-1/2"]
[WhiteElo "2376"]
[BlackElo "2420"]
[PlyCount "86"]
[EventDate "2015.05.01"]

1. d4 d6 2. Nf3 g6 3. g3 Bg7 4. Bg2 c6 5. b3 f5 6. Bb2 Nf6 7. O-O O-O 8. Nbd2
Na6 9. Qc1 Nc7 10. c4 h6 11. Re1 g5 12. e4 fxe4 13. Nxe4 Nxe4 14. Rxe4 Bf5 15.
Re3 Rf7 16. Qd2 Qd7 17. Rae1 Raf8 18. Qe2 e6 19. Bc3 Qd8 20. Nd2 g4 21. f4 d5
22. Rd1 Rd7 23. c5 Nb5 24. Nf1 b6 25. a4 Nxc3 26. Rxc3 bxc5 27. Rxc5 Qb6 28.
Qe3 Rb8 29. Rc3 Qa6 30. Qc1 Qb6 31. Qd2 Bf8 32. Qc1 Qb4 33. Ne3 Bg7 34. Nxf5
exf5 35. Rxc6 Qxb3 36. Kh1 Qxa4 37. Rc8+ Rxc8 38. Qxc8+ Kh7 39. Rc1 Qa3 40. Re1
Qa5 41. Qe8 Rd6 42. h4 Qc3 43. Re6 Rxe6 1/2-1/2

[Event "Team men HL chess"]
[Site "?"]
[Date "2015.05.07"]
[Round "7.8"]
[White "Konaplev, Anton"]
[Black "Zakharov, Aleksej"]
[Result "1/2-1/2"]
[WhiteElo "2294"]
[BlackElo "2310"]
[PlyCount "74"]
[EventDate "2015.05.01"]

1. c4 c6 2. e4 d5 3. exd5 cxd5 4. d4 Nf6 5. Nc3 Nc6 6. Nf3 Bg4 7. cxd5 Nxd5 8.
Qb3 Bxf3 9. gxf3 e6 10. Qxb7 Nxd4 11. Bb5+ Nxb5 12. Qc6+ Ke7 13. Qxb5 Qd7 14.
Bg5+ f6 15. Nxd5+ Qxd5 16. Qxd5 exd5 17. Be3 Ke6 18. O-O-O Bb4 19. Rhg1 Rhc8+
20. Kb1 g6 21. a3 Bc5 22. Rge1 Bxe3 23. Rxe3+ Kd6 24. Rde1 Rc4 25. Re6+ Kc5 26.
b4+ Kb5 27. Rxf6 a5 28. Rd1 d4 29. Rf7 axb4 30. axb4 Ra4 31. Rxh7 Raxb4+ 32.
Ka1 Ra4+ 33. Kb1 Rab4+ 34. Ka1 Ra4+ 35. Kb1 Rab4+ 36. Ka1 Ra4+ 37. Kb1 Rab4+
1/2-1/2